00901nam a22002177a 4500999001700000003000900017008004100026040007100067082001700138100002100155245007800176260004700254300002600301505016400327650001900491650002100510650001800531942001600549945002100565952009700586 c19054d19054AR-CdUCM190516b ||||| |||| 00| 0 spa d aMUNICIPALIDAD PROVINCIAL DEL CUSCOcBIBLIOTECA MUNICIPAL DEL CUSCO a343.4 /bL49 aLerner, Bernardo aEl derecho de resistencia a la opresión :bEnsayo de derecho politico / aBuenos Aires :bBibliografia Omeba,c1967. a162 paginas ;c20 CM. aContenido: Opresión politica -- El jus resistendi -- Genesis historica -- Retrocesos y avances -- La resistencia a la opresión en la republica Argentina... aArgentina9511 aTradiciones9229 aPolitica9291 2ddccLIBROS apjhad2019-05-16 002ddc4070aSHbSHcCARTd2019-05-16g25.00o343.4 / L49pSH0000014104r2019-05-16yLIBROS